|
|
|
|
| LEADER |
01334cam a22003494a 4500 |
| 001 |
14853170 |
| 005 |
20141221155558.0 |
| 008 |
070517s2003 bg a b 000 0 eng |
| 010 |
|
|
|a 2007394257
|
| 025 |
|
|
|a B-E-2007-394257; 17
|
| 037 |
|
|
|b Library of Congress -- New Delhi Overseas Office
|c Tk175.00
|
| 040 |
|
|
|a DLC
|c DLC
|
| 042 |
|
|
|a lcode
|
| 043 |
|
|
|a a-bg---
|
| 050 |
0 |
0 |
|a TD427.A77
|b K53 2003
|
| 082 |
|
|
|2 22
|a 628.166095492
|
| 999 |
|
|
|c 33325
|d 33325
|
| 999 |
|
|
|c 33325
|
| 100 |
1 |
|
|a Khair, Abul,
|9 6901
|
| 245 |
1 |
2 |
|a A study on development of an arsenic test kit and some arsenic contamination issues /
|c principal investigator, Abul Khair ; reviewers, M. Feroze Ahmed, Abu Jafar Shamsuddin.
|
| 260 |
|
|
|a Dhaka :
|b ITN-Bangladesh,
|c 2003.
|
| 300 |
|
|
|a xii, 49 p. :
|b ill. ;
|c 25 cm.
|
| 490 |
0 |
|
|a ITN research series ;
|v 05
|
| 504 |
|
|
|a Includes bibliographical references.
|
| 541 |
|
|
|e 10335
|
| 650 |
|
0 |
|a Groundwater
|x Arsenic content.
|9 6902
|
| 650 |
|
0 |
|a Grounwater
|x Pollution
|z Bangladesh
|x Prevention.
|9 6903
|
| 700 |
1 |
|
|a Ahmed, M. Feroze.
|9 6904
|
| 700 |
1 |
|
|a Shamsuddin, Abu Jafar
|9 6905
|
| 710 |
2 |
|
|a ITN-Bangladesh (Network)
|9 6906
|
| 942 |
|
|
|2 ddc
|c BK
|
| 952 |
|
|
|0 0
|1 0
|2 ddc
|4 0
|6 628_166095492000000_KHA
|7 0
|9 44509
|a BRACUL
|b BRACUL
|c GEN
|d 2014-12-21
|l 0
|o 628.166095492 KHA
|p 3010010335
|r 2014-12-21
|t 1
|w 2014-12-21
|y BK
|